000 00580nam a22001697a 4500
003 OSt
005 20260204160955.0
008 260204b |||||||| |||| 00| 0 eng d
040 _cMRSPTU
041 _aEnglish
100 _aRamneet Kaur, Supervisor: Dr. Sanjeev Aggarwal
245 _aEmerging role of Envelope Performance Factor for Achieving Energy Efficiency in Buildings - A Case Study
260 _bDepartment of Civil Engg. MRSPTU, Bathinda
_c2014
650 _aCivil Engineering
856 _uhttp://163.47.215.52:8080/jspui/handle/123456789/1044
942 _2ddc
_cTH
_n0
999 _c10854
_d10854